| 000 -LEADER |
| fixed length control field |
01286nam a2200253Ia 4500 |
| 001 - CONTROL NUMBER |
| control field |
16338 |
| 003 - CONTROL NUMBER IDENTIFIER |
| control field |
GE_BSU |
| 008 - FIXED-LENGTH DATA ELEMENTS--GENERAL INFORMATION |
| fixed length control field |
181216s||||||||xx |||||||||||||| ||und|| |
| 020 ## - INTERNATIONAL STANDARD BOOK NUMBER |
| International Standard Book Number |
ISBN 978-9941-15 -982-4 |
| 040 ## - CATALOGING SOURCE |
| Transcribing agency |
GE_BSU |
| 080 ## - UNIVERSAL DECIMAL CLASSIFICATION NUMBER |
| Universal Decimal Classification number |
94(37/38) |
| 100 ## - MAIN ENTRY--PERSONAL NAME |
| Personal name |
პლუტარქოსი |
| 245 ## - TITLE STATEMENT |
| Title |
რჩეული ბიოგრაფიები |
| 245 ## - TITLE STATEMENT |
| Remainder of title |
წიგნი I: |
| 245 ## - TITLE STATEMENT |
| Statement of responsibility, etc. |
ძველბერძნ.თარგმნა და შენიშვნ.დაურთო აკაკი ურუშაძემ; რედ.:მარინა სოხაძე;დიზაინერი:ია მახათაძე. |
| 260 ## - PUBLICATION, DISTRIBUTION, ETC. |
| Place of publication, distribution, etc. |
თბილისი |
| 260 ## - PUBLICATION, DISTRIBUTION, ETC. |
| Name of publisher, distributor, etc. |
ბაკურ სულაკაურის გამ-ბა |
| 260 ## - PUBLICATION, DISTRIBUTION, ETC. |
| Date of publication, distribution, etc. |
2013 |
| 300 ## - PHYSICAL DESCRIPTION |
| Extent |
403გვ.22სმ. |
| 300 ## - PHYSICAL DESCRIPTION |
| Accompanying material |
ყდაზე:ჟან ოგიუსტ დომინიკ ენგრის "აკრონზე გამარჯვებულ რომულუსს მიაქვს ალაფი ზევსის ტაძარში" 1812, ხელოვნების მუზეუმი,პარიზი.-შენიშვნ.:გვ. 359-400. |
| 653 ## - INDEX TERM--UNCONTROLLED |
| Uncontrolled term |
ისტორია |
| 942 ## - ADDED ENTRY ELEMENTS (KOHA) |
| Koha item type |
წიგნი |